| 000 -LEADER |
| fixed length control field |
01651cam a22004098i 4500 |
| 001 - CONTROL NUMBER |
| control field |
20628044 |
| 005 - DATE AND TIME OF LATEST TRANSACTION |
| control field |
20220720101141.0 |
| 008 - FIXED-LENGTH DATA ELEMENTS--GENERAL INFORMATION |
| fixed length control field |
180813t20182019mau b 001 0 eng |
| 010 ## - LIBRARY OF CONGRESS CONTROL NUMBER |
| LC control number |
2018037204 |
| 020 ## - INTERNATIONAL STANDARD BOOK NUMBER |
| International Standard Book Number |
9781786393432 (Paperback : alk. paper) |
| 020 ## - INTERNATIONAL STANDARD BOOK NUMBER |
| Canceled/invalid ISBN |
9781786393449 (ePub) |
| 020 ## - INTERNATIONAL STANDARD BOOK NUMBER |
| Canceled/invalid ISBN |
9781786393456 (ePDF) |
| 040 ## - CATALOGING SOURCE |
| Original cataloging agency |
DLC |
| Language of cataloging |
eng |
| Description conventions |
rda |
| Transcribing agency |
DLC |
| 042 ## - AUTHENTICATION CODE |
| Authentication code |
pcc |
| 050 00 - LIBRARY OF CONGRESS CALL NUMBER |
| Classification number |
G155.A1 |
| Item number |
S485 2018 |
| 082 00 - DEWEY DECIMAL CLASSIFICATION NUMBER |
| Classification number |
910.285 |
| Author Mark |
BEN |
| 100 1# - MAIN ENTRY--PERSONAL NAME |
| Personal name |
Benckendorff, Pierre, |
| Relator term |
author. |
| 9 (RLIN) |
93968 |
| 245 10 - TITLE STATEMENT |
| Title |
Tourism information technology / |
| Statement of responsibility, etc. |
Pierre J. Benckendorff, The University of Queensland, Australia, Zheng Xiang, Virginia Tech, USA, Pauline J. Sheldon, University of Hawaii, USA. |
| 250 ## - EDITION STATEMENT |
| Edition statement |
Third Edition. |
| 263 ## - PROJECTED PUBLICATION DATE |
| Projected publication date |
1812 |
| 264 #1 - PRODUCTION, PUBLICATION, DISTRIBUTION, MANUFACTURE, AND COPYRIGHT NOTICE |
| Place of production, publication, distribution, manufacture |
Oxfordshir, U.K: |
| Name of producer, publisher, distributor, manufacturer |
CABI, |
| Date of production, publication, distribution, manufacture, or copyright notice |
[2019] |
| 264 #4 - PRODUCTION, PUBLICATION, DISTRIBUTION, MANUFACTURE, AND COPYRIGHT NOTICE |
| Date of production, publication, distribution, manufacture, or copyright notice |
© Pierre J. Benckendorff, Zheng Xiang and Pauline J. Sheldon 2019. |
| 300 ## - PHYSICAL DESCRIPTION |
| Extent |
pages cm |
| 336 ## - CONTENT TYPE |
| Content type term |
text |
| Content type code |
txt |
| Source |
rdacontent |
| 337 ## - MEDIA TYPE |
| Media type term |
unmediated |
| Media type code |
n |
| Source |
rdamedia |
| 338 ## - CARRIER TYPE |
| Carrier type term |
volume |
| Carrier type code |
nc |
| Source |
rdacarrier |
| 490 0# - SERIES STATEMENT |
| Series statement |
CABI Tourism Texts |
| 504 ## - BIBLIOGRAPHY, ETC. NOTE |
| Bibliography, etc. note |
Includes bibliographical references and index. |
| 650 #0 - SUBJECT ADDED ENTRY--TOPICAL TERM |
| Topical term or geographic name entry element |
Tourism |
| General subdivision |
Information technology. |
| 9 (RLIN) |
93969 |
| 650 #0 - SUBJECT ADDED ENTRY--TOPICAL TERM |
| Topical term or geographic name entry element |
Tourism |
| General subdivision |
Information services. |
| 9 (RLIN) |
93970 |
| 700 1# - ADDED ENTRY--PERSONAL NAME |
| Personal name |
Xiang, Zheng, |
| Relator term |
author. |
| 9 (RLIN) |
93971 |
| 700 1# - ADDED ENTRY--PERSONAL NAME |
| Personal name |
Sheldon, Pauline J., |
| Relator term |
author. |
| 9 (RLIN) |
93972 |
| 776 08 - ADDITIONAL PHYSICAL FORM ENTRY |
| Relationship information |
Online version: |
| Main entry heading |
Benckendorff, Pierre, author. |
| Title |
Tourism information technology |
| Edition |
Third Edition. |
| Place, publisher, and date of publication |
Boston, Massachusetts : CABI, [2019] |
| International Standard Book Number |
9781786393456 |
| Record control number |
(DLC) 2018039294 |
| 906 ## - LOCAL DATA ELEMENT F, LDF (RLIN) |
| a |
7 |
| b |
cbc |
| c |
orignew |
| d |
1 |
| e |
ecip |
| f |
20 |
| g |
y-gencatlg |
| 942 ## - ADDED ENTRY ELEMENTS (KOHA) |
| Source of classification or shelving scheme |
|
| Koha item type |
Book |